STL tutorial & reference guide : C++ programming with the standard template library

Αποθηκεύτηκε σε:
Λεπτομέρειες βιβλιογραφικής εγγραφής
Κύριος συγγραφέας: Musser, David R.
Άλλοι συγγραφείς: Saini, Atul 1963-
Μορφή: Βιβλίο
Γλώσσα:English
Δημοσίευση: Reading, Mass. : Addison-Wesley, c1996
Σειρά:Addison-Wesley professional computing series
Θέματα:
Ετικέτες: Προσθήκη ετικέτας
Δεν υπάρχουν, Καταχωρήστε ετικέτα πρώτοι!

MARC

LEADER 00000nam a2200000 i 4500
001 1/96082
008 000204s1996 eng d
020 |a 0201633981 
035 |l 10055600 
040 |a GR-MY-UA  |b gre  |e aacr 
041 0 |a eng 
082 0 |a 005.133 
100 0 |a Musser, David R. 
245 1 0 |a STL tutorial & reference guide :  |b C++ programming with the standard template library /  |c David R. Musser, Atul Saini ; foreword by Alexander Stepanov 
260 |a Reading, Mass. :   |b Addison-Wesley,   |c c1996 
300 |a xxi, 400 p.;  |b ill.;  |c 24 cm. 
490 1 |a Addison-Wesley professional computing series 
504 |a Includes bibliographical references and index 
650 0 0 |a C++ (Computer program language) 
700 0 |a Saini, Atul  |d 1963- 
830 0 |a Addison-Wesley professional computing series 
852 |a INST  |b SAMOS  |e 20000204  |h 005.133 MUS  |p 005300016388  |q 005300016388  |t BK  |y 0 
901 |a BIBL3-2000-1 
909 |a Σ  |b 070919 
922 |a 3ΕΛΗ  |b 199911  |c ΤΠΕΣ  |d ΠΑΠΑΣΩΤΗΡΙΟΥ 
950 |a 133-1999-07-20 
970 |a ΠΟΥΡΝΑΡΑΣ  |b ΔΗΜΗΤΡΗΣ  |z 2000/02/04